Nations représentées par des champions du monde de F1 - Statistiques

Statistiques générales
  • Ce quiz a été pris 752 fois
  • Le résultat moyen est 12 sur 15
Statistiques - réponses
Nombre de titres Nations Nombre de pilotes % Correct
4 France 1
99%
20 Royaume-Uni 10
99%
12 Allemagne 3
98%
8 Brésil 3
95%
2 Espagne 1
93%
3 Italie 2
93%
2 Pays-Bas 1
87%
5 Argentine 1
83%
2 États-Unis 2
83%
4 Finlande 2
82%
1 Canada 1
77%
4 Australie 2
74%
4 Autriche 2
72%
1 Afrique du Sud 1
52%
1 Nouvelle-Zélande 1
47%
Aucun quiz correspondant
Distribution des résultats
% des personnes avec chaque résultat
Percentile par nombre de réponses
Votre historique - résultats
Vous n’avez pas pris ce quiz